| 000 | 02237cam a2200397 i 4500 | ||
|---|---|---|---|
| 001 | 158013 | ||
| 003 | SpMaBN | ||
| 005 | 20250813063333.0 | ||
| 008 | 230511s1625 sp spa | ||
| 035 | _a(OCoLC)433810168 | ||
| 040 |
_aSpMaBNbspa _cSpMaBNerdc _dES-MaACL |
||
| 080 | _a321.011.1(460)"04/15" | ||
| 080 | _a342.36(460)"04/15" | ||
| 080 | _a94(460)"04/15" | ||
| 100 | 1 |
_aLópez Madera, Gregorio, _d1562-1649 _eaut _973744 |
|
| 245 | 1 | 0 |
_aExcelencias de la monarquía y reyno [sic] de España : _ben que de nueuo [sic] con grande aumento se trata de su origen, antiguedad, sucesiones... y conseruacion de su antiquissima lengua hasta aora / _cpor el Doctor Gregorio López Madera |
| 246 | 1 |
_aExcelencias de la monarquía y reino de España : _ben que de nuevo con grande aumento se trata de su origen, antigüedad, sucesiones... |
|
| 260 |
_a[En Madrid] : _bpor Luis Sánchez : _ba costa de Martín Gil de Cordoua, mercader de libros, _c1625, _g1624 |
||
| 300 |
_a[14], 109, [1] páginas; _cFol. |
||
| 530 | _aDisponible en formato digital | ||
| 596 | _aLugar y segunda fecha de impresión tomadas de colofón | ||
| 597 | _aSign.: [asterisco]8, ¶6, A-R6, S8. | ||
| 597 | _aPortada con escudo de la la Casa Real | ||
| 597 | _aTexto a dos columnas, fileteado y con apostillas marginales | ||
| 650 | 4 |
_aMonarquía- _zEspaña- _yS.V-XV _9157921 |
|
| 650 | 4 |
_aMonarquía- _zEspaña- _yS.XVI _9239753 |
|
| 651 | 4 |
_aEspaña- _xHistoria- _y0414-1474, Edad media _98214 |
|
| 651 | 4 |
_aEspaña- _xHistoria- _y0711-1492, Reconquista _98217 |
|
| 700 | 1 |
_aSánchez, Luis, _dfl. 1590-1627 _eprm _9149806 |
|
| 752 |
_aEspaña _dMadrid |
||
| 852 |
_aES-MaACL _dOlim: B-1804 (en verso de cubierta y a lápiz en portada) _dOlim: 6-1 34-1 (tachado, en verso de hoja de guarda) _dOlim: 144D29 (en portada) _jR-136 _cDEPO _fEx-libris ms. en portada: "De Don Antonio de Salcedo [rúbrica]" _fSello en tinta del Ateneo Científico de Madrid (en portada) _gAnotación ms. en portada: "En Madrid" _xHolandesa _9163875 |
||
| 856 |
_uhttps://patrimoniodigital.ucm.es/s/patrimonio/item/618094 _yVersión en línea _z(Patrimonio Digital Complutense) |
||
| 942 |
_cMONANT _n0 |
||
| 999 |
_c158013 _d158013 |
||